|
|
|
|
| LEADER |
00000nab a2200000 a 4500 |
| 001 |
vtls009461607 |
| 003 |
SK-MaSNL |
| 005 |
20260305035427.0 |
| 008 |
250506c2008 xo |||||||||||000 b|slo |
| 015 |
|
|
|a SNBRB2009/01
|2 snkbucl
|
| 035 |
|
|
|a (uuid)acc678dd-d76a-4390-a3e1-09a60d3354be
|
| 035 |
|
|
|a urn:nbn:sk:snk-ab13u9
|
| 035 |
|
|
|a (urnnbn)urn:nbn:sk:snk:ar-a05auv
|
| 038 |
|
|
|a SNKBUCL
|
| 040 |
|
|
|a SNKBUCL
|b slo
|c SNKBUCL
|e AACR2
|
| 041 |
0 |
|
|a slo
|
| 044 |
|
|
|a xo
|c SK
|
| 080 |
|
|
|a 681.84:366.624.4
|2 2001
|
| 080 |
|
|
|a 366.624.4
|2 2001
|
| 100 |
1 |
|
|a Mydliar, Peter
|4 aut
|9 1455663
|
| 245 |
1 |
0 |
|a Reproduktory 5.1
|b surfujte na vlnách zvuku
|c Peter Mydliar
|
| 300 |
|
|
|b Fotogr., tab.
|
| 650 |
0 |
7 |
|a reprosústavy
|2 snkbucl
|9 215695
|
| 650 |
0 |
7 |
|a porovnávacie testy
|2 snkbucl
|9 870299
|
| 773 |
0 |
|
|t PC revue
|g Roč. XVI, č. 12 (2008), s. 88-91
|x 1335-0226
|
| 850 |
|
|
|a Slovenská národná knižnica
|
| 852 |
|
|
|a Slovenská národná knižnica
|
| 954 |
|
|
|a odborná, vedecká literatúra pôvodná (slovenská)
|2 lita
|
| 958 |
|
|
|a article27
|
| 958 |
|
|
|a OND
|
| 958 |
|
|
|a EUIPO
|
| 999 |
|
|
|c 3333777
|d 3335707
|